| 000 | 01661cam a22003977i 4500 | ||
|---|---|---|---|
| 999 |
_c128208 _d128208 |
||
| 001 | 18921229 | ||
| 003 | ARRUPE | ||
| 005 | 20180920142026.0 | ||
| 008 | 151230s2016 enkab b 001 0 eng d | ||
| 010 | _a 2015960978 | ||
| 020 | _a0199681163 | ||
| 020 | _a9780199681167 | ||
| 035 | _a(OCoLC)ocn920862656 | ||
| 040 |
_aYDXCP _beng _cYDXCP _erda _dOCLCQ _dBTCTA _dBDX _dCDX _dOCLCO _dYDX _dOCLCF _dOCLCO _dGZN _dOCLCO _dDLC |
||
| 042 | _alccopycat | ||
| 050 | 0 | 0 |
_aHF1025 _b.S477 2016 |
| 082 | 0 | 4 |
_a330.9 _223 |
| 100 | 1 |
_aSheppard, Eric S., _eauthor. _942388 |
|
| 245 | 1 | 0 |
_aLimits to globalization : _bdisruptive geographies of capitalist development / _cEric Sheppard. |
| 250 | _aFirst edition. | ||
| 260 |
_aOxford _bOxford University Press _c2016 |
||
| 300 |
_axx, 212 pages : _billustrations, map ; _c24 cm |
||
| 504 | _aIncludes bibliographical references (pages 161-199) and index. | ||
| 650 | 0 |
_aEconomic geography. _936099 |
|
| 650 | 0 |
_aCapitalism. _93 |
|
| 650 | 0 |
_aGlobalization _xEconomic aspects. _942389 |
|
| 650 | 7 |
_aCapitalism. _2fast _93 |
|
| 650 | 7 |
_aEconomic geography. _2fast _936099 |
|
| 650 | 7 |
_aGlobalization _xEconomic aspects. _2fast _942389 |
|
| 906 |
_a7 _bcbc _ccopycat _d2 _encip _f20 _gy-gencatlg |
||
| 942 |
_2lcc _cMONOGRAPH |
||